Minecraft Mobs: Husk - Statistics

General Stats
  • This quiz has been taken 10 times
  • The average score is 4 of 10
Answer Stats
Question Answer % Correct
How many health points does a husk have? 20
88%
What biome can husks spawn in? Desert
63%
What is the maximum light level a husk can spawn at? 0
38%
What is an adult husk's width in blocks? 0.6
38%
Other than rotten flesh, what is one item a normal husk can drop when killed by a player? Carrot | Iron Ingot | Potato
38%
What mob does a husk transform into when under water for a long time? Zombie
38%
What is an adult husk's height in blocks? 1.95
25%
What structure can husks spawn in? Trial Chambers
25%
What mob can a husk spawn riding other than a chicken? Camel Husk
13%
What item can a husk drop only when riding that mob? Rabbit's Foot
0%
No matching quizzes found
Score Distribution
Percent of People with Each Score
Percentile by Number Answered
Your Score History
You have not taken this quiz